| 000 | 00697nam a2200193Ia 4500 | ||
|---|---|---|---|
| 003 | GCL | ||
| 008 | 140319s9999 xx 000 0 ara d | ||
| 040 |
_aGCL / _cGCL |
||
| 082 | 0 | 4 |
_a413 _bا ش |
| 100 | 1 | _aاللغوى , ابوالطيب عبدالواحد بن | |
| 245 | 1 | 0 |
_aشجر الدر فى تداخل الكلام بالمعانى المختلفة / _cاللغوى , ابوالطيب عبدالواحد بن |
| 260 |
_a[S.N] : _bدار المعارف |
||
| 490 |
_aذخائر العرب _v0 |
||
| 650 | 0 | 4 | _aاللغة العربية |
| 650 | 0 | 4 | _aالبلاغة العربية |
| 650 | 0 | 4 | _aالمعاجم |
| 650 | 0 | 4 | _aاللغة العربية - الالفاظ |
| 942 |
_2ddc _cBK |
||
| 999 |
_c55327 _d55327 |
||